The public economy of urban communities ; papers ... /

Bibliographic Details
Corporate Authors: Conference on Urban Public Expenditures New York, Resources for the Future. Committee on Urban Economics
Other Authors: Margolis, Julius
Format: Conference Proceeding Book
Language:English
Subjects:

MARC

Tag First Indicator Second Indicator Subfields
LEADER 00000cam a2200000 4500
001 in00000068191
005 20151008051347.0
008 720310s1965 dcu b 00000 eng u
010 |a  65026179  
035 |a (OCoLC)00261204 
035 |9 AAG7390AM 
040 |c WSU  |d OCL  |d TXA  |d UtOrBLW 
049 |a TXAM  |c [467709] 
050 0 |a HT167  |b .C65 1964 
092 |a 336.39  |b C748p, 1964 
111 2 |a Conference on Urban Public Expenditures  |n (2d :  |d 1964 :  |c New York) 
245 1 4 |a The public economy of urban communities ;  |b papers ... /  |c Edited by Julius Margolis. 
264 2 |a Washington :  |b Resources for the Future; distributed by Johns Hopkins Press, Baltimore,  |c [1965] 
300 |a 264 pages 
336 |a text  |b txt  |2 rdacontent 
337 |a unmediated  |b n  |2 rdamedia 
338 |a volume  |b nc  |2 rdacarrier 
504 |a Includes bibliographies. 
650 0 |a City planning  |z United States. 
650 0 |a Municipal finance  |z United States. 
650 0 |a Municipal government  |z United States. 
700 1 |a Margolis, Julius. 
710 2 |a Resources for the Future.  |b Committee on Urban Economics. 
999 |a MARS 
999 f f |s 322ba6e1-29fe-30ef-a79f-1c4eb92e49e1  |i 9c7bfb18-f4b1-32ad-8fb5-4daf21ce65cd  |t 0 
952 f f |p ric  |a Texas A&M University  |b Rellis Campus  |c Joint Library Facility  |d Remote Storage  |t 0  |e HT167 .C65 1964  |h Library of Congress classification  |i unmediated -- volume  |m A14800751056 
998 f f |a HT167 .C65 1964  |t 0  |l Remote Storage